00576nam a2200169 a 450000100100000000500170001000800410002704000130006808200150008110000260009624500740012226000560019630000280025250000630028050000420034370000210038500001777020200929165226.0100331s1988 dr a 000 0 spa d aDO-SdBNP axxxbP644p1 aPimentel, Juand1920-10aPeripecias de un viaje a oriente /cJuan Pimentel ; prólogo Homero. a[República Dominicana] :bValdez, C. x A.,c1988. a102 p. :bil. ;c19 cm. aIncluye datos biográficos del autor en la contracubierta aIncluye notas al pie de las páginas1 aHomero,epról.